000
00268nam a22001097a 4500
008
230620b xxu||||| |||| 00| 0 eng d
082
_a
321.89
_b
CPA 2005
245
_a
Australia's Original Democracy
_b
New South Wales
260
_c
2005
300
_a
52p
942
_2
ddc
_c
BK
999
_c
1757
_d
1757